La critica d'arte nel pensiero medievale /

Guardado en:
Autor Principal: Assunto, Rosario
Formato: Libro
Publicado: Milano : Ed. Il Saggiatore, 1961
Materias:
Etiquetas: Agregar Etiqueta
Sin Etiquetas, Sea el primero en etiquetar este registro!
LEADER 00497nam a22001575a 4500
001 EHU.bham005696
003 AR-BHAM
005 20090430110907.0
008 130507s1961##################000#0#####d
082 7 0 |a 701 
100 1 |a Assunto, Rosario 
245 1 0 |a La critica d'arte nel pensiero medievale /  |c Rosario Assunto. 
260 |a Milano :  |b Ed. Il Saggiatore,  |c 1961 
300 |a 461 p. 
653 |a Arte-filosofia del 
859 |a AR-BHAM  |b BIB. HUMANIDADES - Lectura de escasa demanda  |h 701  |i AS79  |p 559.62  |t Ej.1  |v LED797